000 00498nam a2200193Ia 4500
008 151119s9999||||xx |||||||||||||| ||und||
082 _a616.1
082 _bGKKV24518
100 _a--
245 _aDR.DEAN ORNISHS PROGRAM FOR REVERSING HEART DISEASE
260 _a--
260 _b--
260 _c0
600 _a--
630 _aDR.DEAN ORNISHS PROGRAM FOR REVERSING HEART DISEASE
700 _a--
730 _aDR.DEAN ORNISHS PROGRAM FOR REVERSING HEART DISEASE
942 _cBOOK
999 _c1077093
_d1077090